| Tag |
First Indicator |
Second Indicator |
Subfields |
| LEADER |
00000cam a2200000 a 4500 |
| 001 |
in00002139270 |
| 006 |
m e d # |
| 007 |
cr mn mmmmabba |
| 008 |
820624s1793 nyu s 000 0 eng d |
| 005 |
20260331160227.6 |
| 035 |
|
|
|z w013755
|
| 035 |
|
|
|a MAAR8206243704B
|
| 035 |
|
|
|9 mwa91-7139
|
| 035 |
|
|
|a 341169
|
| 035 |
|
|
|a aas03013755
|
| 040 |
|
|
|a MWA
|c MWA
|e bdrb
|d UtOrBLW
|
| 245 |
0 |
0 |
|a Narrative of the life and dying speech of John Ryer :
|b who was executed at White-Plains, in the county of Westchester, state of New-York, October 2d, 1793, for the murder of Dr. Isaac Smith, deputy-sheriff of that county.
|
| 264 |
|
3 |
|a [Poughkeepsie, N.Y.] :
|b Printed [by Nicholas Power?] for, and sold by, the flying-stationers,
|c [1793?]
|
| 300 |
|
|
|a vi, 1 unnumbered page, 8-24 pages ;
|c 17 cm. (duodecimo)
|
| 336 |
|
|
|a text
|b txt
|2 rdacontent
|
| 337 |
|
|
|a computer
|b c
|2 rdamedia
|
| 338 |
|
|
|a online resource
|b cr
|2 rdacarrier
|
| 500 |
|
|
|a Preface signed: A.H.
|
| 500 |
|
|
|a Place of publication suggested by Evans. In 1793, Poughkeepsie's only printer was Nicholas Power.
|
| 500 |
|
|
|a With a letter from Ryer's mother, Margret Ryer, p. v-vi.
|
| 510 |
4 |
|
|a Evans
|c 26118
|
| 530 |
|
|
|a Microform version available in the Readex Early American Imprints series.
|
| 533 |
|
|
|a Electronic text and image data.
|b [Chester, Vt. :
|c Readex, a division of Newsbank, Inc.,
|d 2002-2004.
|e Includes files in TIFF, GIF and PDF formats with inclusion of keyword searchable text.
|f (Early American imprints. First series ; no. 26118).
|
| 500 |
|
|
|a Electronic resource.
|
| 600 |
1 |
0 |
|a Ryer, John,
|d 1759-1793.
|
| 600 |
1 |
0 |
|a Smith, Isaac,
|d -1792.
|
| 650 |
|
0 |
|a Executions and executioners
|z New York (State)
|z White Plains.
|
| 650 |
|
0 |
|a Crime
|z New York (State)
|
| 650 |
|
0 |
|a Murder
|z New York (State)
|
| 700 |
0 |
|
|a A. H.
|
| 700 |
1 |
|
|a Ryer, Margret.
|
| 752 |
|
|
|a United States
|b New York
|d Poughkeepsie.
|
| 830 |
|
0 |
|a Early American imprints.
|n Series I,
|p Evans (1639-1800) ;
|v no. 26118.
|
| 856 |
4 |
1 |
|u http://proxy.library.tamu.edu/login?url=https://opac.newsbank.com/select/evans/26118
|y Evans Digital Edition
|t 0
|
| 999 |
|
|
|a MARS
|
| 999 |
f |
f |
|s 12315048-74ed-35b9-b54e-f955607a20a8
|i cf7216e4-20be-3fa0-ae17-550a7b4da0e5
|t 0
|
| 952 |
f |
f |
|a Texas A&M University
|b College Station
|c Electronic Resources
|s www_evans
|d Available Online
|t 0
|h No information provided
|
| 998 |
f |
f |
|t 0
|l Available Online
|